000 01178nam a2200265Ia 4500
003 OSt
005 20220930094752.0
006 a|||||r|||| 00| 0
007 ta
008 220926b |||||||| |||| 00| 0 san d
024 _a10809
037 _cTheses
040 _aCRL
_cCRL
_bsan
041 _2san
_asan
100 _aशिवशंकर, ले.
110 _aदिल्ली विश्वविद्यालय. कला संकाय. संस्कृत विभाग
_9556243
245 0 _aपाणिनीय व्याकरण में वाक्यांश तथा वाक्य के संरचना - सिद्धान्तों का अध्ययन
246 _aPāṇinīya vyākaraṇ mean vākyāansha tathā vākya ke sanrachanā - siddhāntoan kā adhyayana
260 _c2013
300 _a203पृ0
_ap.
_ccm.
650 _aसंस्कृत साहित्य
700 _aदिल्ली विश्वविद्यालय. कला संकाय. संस्कृत विभाग
_9556244
942 _cDIS
_2CC
999 _c887650
_d887650